Irak, Libanon, Jordánsko

Bibliographic Details
Main Author: Kubeš, Zdeněk, 1929- (Author)
Format: Book
Language:Slovak
PhysicalDescription:30 strán 21 cm
Published: Bratislava Slovenské vydavateľstvo politickej literatúry 1958
Edition:1. vyd.
Series:Politická aktualita
Subjects:

MARC

LEADER 00000cam a2200000 a 4500
001 vtls008325729
003 SK-MaSNL
005 20260301075019.0
008 230403s1958 xo grf 000 0 slo
015 |a SNBA1958/09-01222 
020 |q (brožované) 
035 |a SK01SNK19580017946 
035 |a urn:nbn:sk:snk-am3i8gg 
035 |a BE46A81B-7FC7-44E7-BB69-9D075F10F7A4 
035 |a urn:nbn:sk:snk-am00dxd0 
035 |a SKM000020409 
040 |a SNK  |b slo  |c SNK  |e AACR2 
041 0 |a slo 
043 |a a-iq---  |a a-le---  |a a-jo--- 
044 |a xo  |c SK 
072 7 |a 913(5)  |x Geografia Ázie, reálie, cestovanie  |2 konspekt 
080 |a 32  |2 2011 
080 |a (567)  |2 2011 
080 |a (569.3)  |2 2011 
080 |a (569.5)  |2 2011 
080 |a (036)  |2 2011 
100 1 |a Kubeš, Zdeněk,  |d 1929-  |4 aut  |9 103235 
245 1 0 |a Irak, Libanon, Jordánsko  |c Zdeněk Kubeš 
250 |a 1. vyd. 
260 |a Bratislava  |b Slovenské vydavateľstvo politickej literatúry  |c 1958 
300 |a 30 strán  |c 21 cm 
366 |e 4000 kusov 
490 1 |a Politická aktualita 
500 |a Obsahuje poznámky 
650 0 7 |a politika  |2 SNKPH  |9 968 
651 7 |a Irak  |2 SNKPHgeo  |9 28953 
651 7 |a Libanon  |2 SNKPHgeo  |9 51209 
651 7 |a Jordánsko  |2 SNKPHgeo  |9 28435 
655 7 |a informačné publikácie  |2 SNKPH  |9 70181 
830 0 |a Politická aktualita  |9 398525 
852 |a Slovenská národná knižnica 
954 |a odborná, vedecká literatúra pôvodná (slovenská)  |2 lita 
958 |a OND 
958 |a RK 
958 |a TL 
958 |a EUIPO 
999 |c 648906  |d 650836 
952 |a SNK  |b SNK  |y PREZ  |7 0  |p 17A0826730  |o snkSC 11877  |i snkKSP 2657/58  |0 0  |1 0  |4 0  |d 2012-08-23  |f 1  |l 0  |r 2025-07-11 00:00:00  |w 2026-02-23 
952 |t P60, <04>, [BOOK], {604}  |a SNK  |b SNK  |y VYP  |7 0  |p 17A0143787  |o snkSC 11877 D1  |0 0  |1 0  |4 0  |d 1998-06-22  |l 0  |r 2005-01-02 00:00:00  |w 2026-02-23